| 000 | 00417nam a2200169Ia 4500 | ||
|---|---|---|---|
| 005 | 20240823045014.0 | ||
| 008 | 240823s9999||||xx |||||||||||||| ||und|| | ||
| 041 | _aENGLISH | ||
| 082 | _A604.2 Q0 | ||
| 100 | _aRangasamy M et al. | ||
| 245 | 0 | _aEngineering Graphics | |
| 250 | _a1st | ||
| 260 |
_c2010 _bSri Krishna Publica |
||
| 500 | _aTRANSFERED | ||
| 650 |
_aEngineering Graohics _bMechanical |
||
| 942 | _cBK | ||
| 999 |
_c213947 _d213947 |
||